Metodika znaleckého posudku

Salvato in:
Dettagli Bibliografici
Autore principale: Nič, Milan, 1946- (Autore)
Natura: Libro
Lingua:slovacco
Pubblicazione: Bratislava : STU v Bratislave, 2000
Tags: Aggiungi Tag
Nessun Tag, puoi essere il primo ad aggiungerne!!

MARC

LEADER 00000nam a22000003a 4500
001 stu127904
005 20150617225908.1
008 061013s2000----xo------------------slo-d
020 |a 80-227-1383-X 
040 |a STU  |b slo 
041 0 |a slo 
044 |a xo 
080 |a 347.94 
100 1 |a Nič, Milan,  |d 1946-  |4 aut  |u V300  |U SvF Stavebná fakulta  |T SvF Ústav súdneho znalectva  |X 732  |U V320|V300  |Y 35  |7 A000000732 
245 1 |a Metodika znaleckého posudku 
260 |a Bratislava :  |b STU v Bratislave,  |c 2000 
300 |a 56 s 
996 |b 284V017812  |c V*41885/S-06  |l VVT  |s A  |a 24  |w stu127904_0001 
996 |b 284V017815  |c V*41886/S-06  |l VVT  |s A  |a 24  |w stu127904_0002